00372pab a2200133 454500008004000000100001900040245006000059260000900119300001200128362001200140650002600152650002200178773003800200180718b2017 xxu||||| |||| 00| 0 eng d aRijwani, Parag aIs Piotroski's f-score relevance in Indian stock market c2017 ap.3-18. aApr-Sep aStock markets - India aFinancial markets aJournal of Accounting and Finance